000
00291nam a2200121Ia 4500
008
220216s9999 xx 000 0 und d
100
_a
Guest C L
245
0
_a
Outline of factory control
260
_b
IRI Transactions
_c
1930
300
_a
170-183
650
_a
Factory control
942
_c
JS
999
_c
64505
_d
64505